| 000 | 00603 a2200193 4500 | ||
|---|---|---|---|
| 999 |
_c11422 _d11422 |
||
| 020 | _a9780674018280 | ||
| 050 |
_aDS 735 _bFAI 1992 |
||
| 100 |
_aFairbank John,King _eauthor |
||
| 245 |
_aChina : _bA new History / _cJohn King Fairbank and Merle Goldman |
||
| 264 |
_aEnngland : _bBelknap Press of Havard University Press, _c1992 |
||
| 300 |
_a560 pages _billustrations |
||
| 336 |
_2rdacontent _atext _btxt |
||
| 337 |
_3rdamedia _aunmediated _bn |
||
| 338 |
_2rdacarrier _avolume _bnc |
||
| 500 | _aincludes index | ||
| 650 | _achina | ||
| 700 |
_aGoldman,Merle _eauthor |
||
| 942 |
_2lcc _cBK _h735 _iFAI _kDS |
||